1-5 Blitz Quiz Stats

 Plays Quiz Updated Apr 15, 2015

Challenge
Share
Tweet
Embed
Score 0/105 Timer 01:30
1 Play Today
% Correct
???
60.4%
???
60.3%
???
60.2%
???
60.2%
???
60.2%
???
60.1%
???
60.1%
???
60.1%
???
60.1%
???
60.1%
???
60.1%
???
60.1%
???
60.1%
???
60.1%
???
60.1%
???
60.1%
???
60.1%
???
60.1%
???
60%
???
60%
???
59.9%
???
59.4%
???
59.3%
???
59.3%
???
59.3%
???
59.3%
???
59.3%
???
59.3%
???
59.2%
???
59.2%
???
59.2%
???
59.2%
???
59.2%
???
59.2%
???
59.1%
% Correct
???
59.1%
???
59%
???
59%
???
59%
???
59%
???
59%
???
59%
???
58.5%
???
58.5%
???
58.5%
???
58.5%
???
58.4%
???
58.4%
???
58.4%
???
58.4%
???
58.4%
???
58.4%
???
58.4%
???
58.4%
???
58.4%
???
58.4%
???
58.3%
???
58.3%
???
58.3%
???
58.3%
???
58.3%
???
58.3%
???
58.3%
???
57.8%
???
57.8%
???
57.7%
???
57.7%
???
57.7%
???
57.7%
???
57.7%
% Correct
???
57.7%
???
57.7%
???
57.7%
???
57.6%
???
57.6%
???
57.6%
???
57.6%
???
57.6%
???
57.6%
???
57.5%
???
57.5%
???
57.5%
???
57.5%
???
57.5%
???
57.2%
???
57.2%
???
57.2%
???
57.2%
???
57.2%
???
57.1%
???
57.1%
???
57.1%
???
57.1%
???
57.1%
???
57%
???
57%
???
57%
???
57%
???
57%
???
57%
???
57%
???
57%
???
56.9%
???
56.9%
???
56.9%

You're not logged in!

Compare scores with friends on all Sporcle quizzes.
Join for Free
OR
Log In

You Might Also Like...

Show Comments

Extras

Top Quizzes Today


Score Distribution

Your Account Isn't Verified!

In order to create a playlist on Sporcle, you need to verify the email address you used during registration. Go to your Sporcle Settings to finish the process.

Report this User

Report this user for behavior that violates our Community Guidelines.

Details: